Score 0/123 Timer 12:00
0 Plays Today
% Correct
Krusty the Clown
94.3%
Krusty the Clown
94.3%
Krusty the Clown
94.3%
Santa's Little Helper
94.2%
Santa's Little Helper
94.2%
Santa's Little Helper
94.2%
Grampa Abe Simpson
93%
Grampa Abe Simpson
93%
Grampa Abe Simpson
93%
Comic Book Guy
90.7%
Comic Book Guy
90.7%
Comic Book Guy
90.7%
Chief Clancy Wiggum
90.6%
Chief Clancy Wiggum
90.6%
Chief Clancy Wiggum
90.6%
Bleeding Gums Murphy
90.4%
Bleeding Gums Murphy
90.4%
Bleeding Gums Murphy
90.4%
Milhouse Van Houten
89.2%
Milhouse Van Houten
89.2%
Milhouse Van Houten
89.2%
Charles Montgomery Burns
88.4%
Charles Montgomery Burns
88.4%
Charles Montgomery Burns
88.4%
Sideshow Bob Terwilliger
87.4%
Sideshow Bob Terwilliger
87.4%
Sideshow Bob Terwilliger
87.4%
Reverend Timothy Lovejoy
86.7%
Reverend Timothy Lovejoy
86.7%
Reverend Timothy Lovejoy
86.7%
Dr. Nick Riviera
86.3%
Dr. Nick Riviera
86.3%
Dr. Nick Riviera
86.3%
Dr. Julius Hibbert
85.8%
Dr. Julius Hibbert
85.8%
Dr. Julius Hibbert
85.8%
Superintendent Gary Chalmers
83%
Superintendent Gary Chalmers
83%
Superintendent Gary Chalmers
83%
Capital City Goofball
82.5%
Capital City Goofball
82.5%
% Correct
Capital City Goofball
82.5%
Happy Little Elves
81.4%
Happy Little Elves
81.4%
Happy Little Elves
81.4%
Rabbi Hyman Krustofski
81.2%
Rabbi Hyman Krustofski
81.2%
Rabbi Hyman Krustofski
81.2%
Diamond Joe Quimby
80.6%
Diamond Joe Quimby
80.6%
Diamond Joe Quimby
80.6%
Professor John Frink
80.3%
Professor John Frink
80.3%
Professor John Frink
80.3%
Kwik-E-Mart
78.9%
Kwik-E-Mart
78.8%
Kwik-E-Mart
78.8%
742 Evergreen Terrace
77.3%
742 Evergreen Terrace
77.3%
742 Evergreen Terrace
77.3%
Captain Horatio McCallister
76.8%
Captain Horatio McCallister
76.8%
Captain Horatio McCallister
76.8%
I Can't Believe It's A Law Firm
58%
I Can't Believe It's A Law Firm
58%
I Can't Believe It's A Law Firm
58%
Springfield Retirement Castle
54.7%
Springfield Retirement Castle
54.7%
Springfield Retirement Castle
54.7%
Kentucky Fried Panda
49.8%
Kentucky Fried Panda
49.8%
Kentucky Fried Panda
49.8%
Man Getting Hit By Football
47.5%
Man Getting Hit By Football
47.5%
Man Getting Hit By Football
47.5%
King Toot's Music Store
47%
King Toot's Music Store
47%
King Toot's Music Store
47%
Escalator to Nowhere
46.7%
Escalator to Nowhere
46.7%
Escalator to Nowhere
46.7%
Calmwood Mental Hospital
44.2%
% Correct
Calmwood Mental Hospital
44.2%
Calmwood Mental Hospital
44.2%
Krusty Brand Imitation Gruel
43.7%
Krusty Brand Imitation Gruel
43.7%
Krusty Brand Imitation Gruel
43.7%
The Land of Chocolate
42.1%
The Land of Chocolate
42.1%
The Land of Chocolate
42.1%
Try-N-Save
42.1%
Try-N-Save
42.1%
Try-N-Save
42.1%
Inanimate Carbon Rod
41.5%
Inanimate Carbon Rod
41.5%
Inanimate Carbon Rod
41.5%
Billy Graham's Bible Blaster
38.7%
Billy Graham's Bible Blaster
38.7%
Billy Graham's Bible Blaster
38.7%
Ravenous Ravenous Rhinos
37.6%
Ravenous Ravenous Rhinos
37.6%
Ravenous Ravenous Rhinos
37.6%
Popsicle Stick Skyscraper
32.9%
Popsicle Stick Skyscraper
32.9%
Popsicle Stick Skyscraper
32.9%
Duff Extra Cold
32%
Duff Extra Cold
32%
Duff Extra Cold
32%
Cheezus H. Rice
29.3%
Cheezus H. Rice
29.3%
Cheezus H. Rice
29.3%
Nuts and Gum (Together at Last!)
28.8%
Nuts and Gum (Together at Last!)
28.8%
Nuts and Gum (Together at Last!)
28.8%
South Street Squidport
28.6%
South Street Squidport
28.6%
South Street Squidport
28.6%
Uncle Jim's Country Fillin'
23.9%
Uncle Jim's Country Fillin'
23.9%
Uncle Jim's Country Fillin'
23.9%
Stern Lecture Plumbing
23.8%
Stern Lecture Plumbing
23.8%
Stern Lecture Plumbing
23.8%
Remove Ads.
Support Sporcle.
Get the best of Sporcle when you Go Orange. This ad-free experience offers more features, more stats, and more fun while also helping to support Sporcle. Thank you for becoming a member.

You're not logged in!

Compare scores with friends on all Sporcle quizzes.
OR
Log In

Show Comments

Extras

Top Quizzes Today


Score Distribution

Your Account Isn't Verified!

In order to create a playlist on Sporcle, you need to verify the email address you used during registration. Go to your Sporcle Settings to finish the process.

Report this User

Report this user for behavior that violates our Community Guidelines.

Details: